Statistics for Historical Timeline of Indonesia

Click here to take the quiz!

General Stats

  • This quiz has been taken 58 times
  • The average score is 18 of 21

Answer Stats

YearHintAnswer% Correct
600Melay_Melayu
94%
650Srivijay_Srivijaya
94%
669Sund_Sunda
92%
1526Bante_Banten
90%
1496Ace_Aceh
90%
1293Majapahi_Majapahit
90%
1445Cirebo_Cirebon
90%
500Kalingg_Kalingga
88%
1800D____ East IndiesDutch East Indies
86%
1602D____ East India CompanyDutch East India Company
86%
1950I________Indonesia
86%
1222Singhasar_Singhasari
86%
1045Kedir_Kediri
86%
1587Matara_Mataram
84%
1368Brun__Brunei
84%
1400Malac__Malacca
80%
1475Dema_Demak
80%
1267Samudera Pasa_Samudera Pasai
76%
914Ba__Bali
76%
1405Sul_Sulu
69%
752Medan_Medang
59%

Score Distribution

Percentile by Number Answered

Percent of People with Each Score

Your Score History

You have not taken this quiz